| 000 | 00581cam a22002053a 4500 | ||
|---|---|---|---|
| 001 | 37820 | ||
| 003 | PGUSA | ||
| 005 | 20140828083830.0 | ||
| 008 | 111022s2011||||xxu|||||s|||||000 | eng d | ||
| 040 |
_aPGUSA _beng |
||
| 042 | _adc | ||
| 100 | 1 |
_aMorrison, Arthur, _d1863-1945 |
|
| 245 | 1 | 0 |
_aChronicles of Martin Hewitt _h[electronic resource] / _cArthur Morrison |
| 260 |
_bProject Gutenberg, _c2011 |
||
| 506 | _aPublic domain in the USA. | ||
| 516 | _aElectronic text | ||
| 830 | 0 |
_aProject Gutenberg _v37820 |
|
| 856 | 4 | 0 | _uhttp://www.gutenberg.org/ebooks/37820 |
| 942 | _cEB | ||
| 999 |
_c267074 _d267074 |
||